00347 a2200133 450000100060000002000180000604000240002410000250004824000480007324500430012130000090016436200090017365000310018214498 a9788561167325 cAnchieta - Aquarius aMont'Alverne, Rosana10aO ovo amarelinho da galinha do vizinholpor10aO ovo amarelinho da galinha do vizinho a32p.0 a2011 4aLiteratura infanto-juvenil